[Event "Nordkalotten Rapid Gr-2"]
[Site "Gilleleje"]
[Date "2022.11.06"]
[Round "1"]
[White "Andersen, Peter Vestergaard"]
[Black "Sorensen, Esben Lauge"]
[Result "1/2-1/2"]
[WhiteElo "1766"]
[BlackElo "1941"]
[PlyCount "75"]
[EventDate "2022.11.06"]
[EventType "tourn (rapid)"]
[EventRounds "7"]
[EventCountry "DEN"]
[SourceTitle "EXT 2024"]
[Source "ChessBase"]
[SourceDate "2023.10.10"]
[SourceVersion "1"]
[SourceVersionDate "2023.10.10"]
[SourceQuality "1"]

1. e4 c5 2. Nf3 a6 3. c3 d5 4. exd5 Qxd5 5. d4 Nf6 6. Be2 e6 7. Be3 cxd4 8. Bxd4 Be7 9. Bxf6 Qxd1+ 10. Bxd1 Bxf6 11. Nbd2 0-0 12. Ne4 Be7 13. 0-0 Nc6 14. Bc2 f5 15. Ng3 Bd7 16. Rad1 Rad8 17. Rd2 Bc8 18. Rfd1 Rxd2 19. Rxd2 Rd8 20. Rxd8+ Bxd8 21. Bb3 g6 22. Ne2 Na5 23. Ned4 Nxb3 24. Nxb3 Kf7 25. Ne5+ Kf6 26. Nc4 Bc7 27. h3 e5 28. Ne3 Ke6 29. Kf1 b5 30. Ke2 Bb6 31. f3 a5 32. Nd2 Ba6 33. Nc2 Kd5 34. b3 f4 35. Ne4 h6 36. Kd3 Ba7 37. Na3 Kc6 38. c4 1/2-1/2

[Event "Nordkalotten Rapid Gr-2"]
[Site "Gilleleje"]
[Date "2022.11.06"]
[Round "2"]
[White "Sorensen, Esben Lauge"]
[Black "Skovgaard, Ib"]
[Result "1-0"]
[WhiteElo "1941"]
[BlackElo "1802"]
[PlyCount "81"]
[EventDate "2022.11.06"]
[EventType "tourn (rapid)"]
[EventRounds "7"]
[EventCountry "DEN"]
[SourceTitle "EXT 2024"]
[Source "ChessBase"]
[SourceDate "2023.10.10"]
[SourceVersion "1"]
[SourceVersionDate "2023.10.10"]
[SourceQuality "1"]

1. d4 d5 2. Nf3 Nf6 3. c4 c6 4. Nc3 e6 5. Bg5 dxc4 6. e4 b5 7. e5 h6 8. Bh4 g5 9. Nxg5 hxg5 10. Bxg5 Nbd7 11. g3 Rh5 12. Bxf6 Nxf6 13. exf6 Rd5 14. Bg2 Rxd4 15. Bxc6+ Bd7 16. Qf3 Rb8 17. 0-0 Rd3 18. Qe4 a6 19. Rfd1 Bc5 20. Rxd3 cxd3 21. Bxd7+ Qxd7 22. Rd1 d2 23. Qf4 Rd8 24. Ne4 Qd4 25. Rxd2 Qb4 26. Rxd8+ Kxd8 27. Qb8+ Kd7 28. Qb7+ Kd8 29. Nxc5 Qxc5 30. Qe7+ Qxe7 31. fxe7+ Kxe7 32. h4 e5 33. Kf1 Kf6 34. Ke2 Kf5 35. Ke3 f6 36. f3 Ke6 37. b4 f5 38. g4 f4+ 39. Ke4 Kd6 40. g5 Ke6 41. h5 1-0

[Event "Hillerod CC-chA"]
[Site "Hillerod"]
[Date "2020.11.24"]
[Round "7"]
[White "Sorensen, Esben Lauge"]
[Black "Ramkilde, Mikael"]
[Result "1/2-1/2"]
[WhiteElo "1928"]
[BlackElo "1912"]
[PlyCount "81"]
[EventDate "2020.09.15"]
[EventType "tourn"]
[EventRounds "7"]
[EventCountry "DEN"]
[SourceTitle "EXT 2024"]
[Source "ChessBase"]
[SourceDate "2023.10.10"]
[SourceVersion "1"]
[SourceVersionDate "2023.10.10"]
[SourceQuality "1"]

1. d4 Nf6 2. c4 g6 3. Nc3 d5 4. cxd5 Nxd5 5. e4 Nxc3 6. bxc3 Bg7 7. Be3 c5 8. Qd2 0-0 9. Rc1 Qa5 10. Be2 Rd8 11. d5 Nd7 12. Nf3 Nf6 13. c4 Qxd2+ 14. Nxd2 b6 15. h3 Ne8 16. 0-0 Nd6 17. f4 e6 18. g4 Ba6 19. e5 exd5 20. exd6 Re8 21. Bf3 Rxe3 22. Bxd5 Rd8 23. Ne4 Bd4 24. Kg2 Re2+ 25. Kg3 Kg7 26. Rce1 Rxe1 27. Rxe1 h6 28. f5 Be5+ 29. Kg2 f6 30. fxg6 Kxg6 31. h4 Bc8 32. h5+ Kg7 33. Kf3 Bd7 34. Rg1 Ba4 35. g5 f5 36. gxh6+ Kxh6 37. Ng5 Bd1+ 38. Rxd1 Kxg5 39. Bf7 Rxd6 40. Rxd6 Bxd6 41. a4 1/2-1/2

[Event "Hillerod CC-chA"]
[Site "Hillerod"]
[Date "2020.09.30"]
[Round "3"]
[White "Sorensen, Esben Lauge"]
[Black "Steenstrup, Svend"]
[Result "0-1"]
[WhiteElo "1928"]
[BlackElo "1912"]
[PlyCount "84"]
[EventDate "2020.09.15"]
[EventType "tourn"]
[EventRounds "7"]
[EventCountry "DEN"]
[SourceTitle "EXT 2024"]
[Source "ChessBase"]
[SourceDate "2023.10.10"]
[SourceVersion "1"]
[SourceVersionDate "2023.10.10"]
[SourceQuality "1"]

1. d4 Nf6 2. d5 c6 3. c4 cxd5 4. cxd5 Qa5+ 5. Nc3 g6 6. g3 Bg7 7. Bg2 0-0 8. Bd2 d6 9. e4 Bg4 10. Qb3 Na6 11. Na4 Qc7 12. Rc1 Nc5 13. Qc4 b5 14. Qxb5 Bd7 15. Qc4 Bxa4 16. Qxa4 Nd3+ 17. Kd1 Nxc1 18. Bxc1 Ng4 19. Nh3 Rfc8 20. Ke2 Qb6 21. f3 Bxb2 22. Bd2 Ne5 23. Rb1 Rc4 24. Qd1 Qa6 25. Ke3 Bd4+ 26. Kf4 Nd3+ 27. Kg4 Qc8+ 28. Kh4 f6 29. f4 Qf8 30. g4 g5+ 31. Kg3 Qh6 32. fxg5 fxg5 33. Bxg5 Be5+ 34. Kf3 Qf8+ 35. Ke3 Rc3 36. Kd2 Nf2 37. Qf1 Rxh3 38. Bxh3 Nxe4+ 39. Ke3 Nxg5 40. Qxf8+ Rxf8 41. Bg2 Rf4 42. h3 Ra4 0-1

[Event "Hillerod CC-ch Mester"]
[Site "Hillerod"]
[Date "2020.02.18"]
[Round "4"]
[White "Sorensen, Esben Lauge"]
[Black "Ramkilde, Mikael"]
[Result "1/2-1/2"]
[WhiteElo "1938"]
[BlackElo "1942"]
[PlyCount "66"]
[EventDate "2019.12.10"]
[EventType "tourn"]
[EventRounds "7"]
[EventCountry "DEN"]
[SourceTitle "EXT 2021"]
[Source "ChessBase"]
[SourceDate "2020.10.23"]
[SourceVersion "1"]
[SourceVersionDate "2020.10.23"]
[SourceQuality "1"]

1. d4 Nf6 2. c4 g6 3. Nc3 Bg7 4. e4 d6 5. f3 0-0 6. Be3 a6 7. Bd3 Nbd7 8. Nge2 c5 9. Qd2 cxd4 10. Nxd4 Ne5 11. Be2 Bd7 12. 0-0 Rc8 13. b3 Nc6 14. Rac1 Re8 15. Nd5 Nxd5 16. exd5 Nxd4 17. Bxd4 Bxd4+ 18. Qxd4 Qa5 19. a4 b6 20. f4 Qc5 21. Rfd1 a5 22. Kf1 Qxd4 23. Rxd4 f6 24. Re1 Kf7 25. Bd3 Rg8 26. Rde4 Rce8 27. R4e3 Rg7 28. Kf2 h6 29. Be4 f5 30. Bf3 Kf6 31. g3 Rh8 32. Bd1 Rc8 33. Bf3 Rh8 1/2-1/2

[Event "Hillerod CC-ch Mester"]
[Site "Hillerod"]
[Date "2019.12.10"]
[Round "1"]
[White "Sorensen, Esben Lauge"]
[Black "Jacobsen, Hans Endrup"]
[Result "1-0"]
[WhiteElo "1938"]
[BlackElo "1928"]
[PlyCount "33"]
[EventDate "2019.12.10"]
[EventType "tourn"]
[EventRounds "7"]
[EventCountry "DEN"]
[SourceTitle "EXT 2021"]
[Source "ChessBase"]
[SourceDate "2020.10.23"]
[SourceVersion "1"]
[SourceVersionDate "2020.10.23"]
[SourceQuality "1"]

1. d4 d5 2. c4 e6 3. Nf3 c5 4. cxd5 exd5 5. g3 Nc6 6. Bg2 c4 7. 0-0 b5 8. Nc3 Be6 9. Nxb5 Qb6 10. Nc3 Nf6 11. Ne5 Rc8 12. Nxc6 Qxc6 13. e4 Bb4 14. exd5 Nxd5 15. Nxd5 Bxd5 16. Bxd5 Qxd5 17. Qa4+ 1-0

[Event "Hillerod Vinhuset Stoltz op"]
[Site "Hillerod"]
[Date "2019.10.08"]
[Round "5"]
[White "Sorensen, Esben Lauge"]
[Black "Andersen, Ib Hother"]
[Result "1/2-1/2"]
[WhiteElo "1945"]
[BlackElo "2121"]
[PlyCount "87"]
[EventDate "2019.09.24"]
[EventType "swiss"]
[EventRounds "7"]
[EventCountry "DEN"]
[SourceTitle "EXT 2021"]
[Source "ChessBase"]
[SourceDate "2020.10.23"]
[SourceVersion "1"]
[SourceVersionDate "2020.10.23"]
[SourceQuality "1"]

1. d4 Nf6 2. Nf3 e6 3. Bg5 d6 4. Nbd2 Nbd7 5. e4 h6 6. Bh4 Be7 7. Be2 0-0 8. 0-0 Nh5 9. Bxe7 Qxe7 10. Re1 Nf4 11. Bf1 e5 12. g3 Ng6 13. Bg2 Nf6 14. c3 Nh7 15. Nc4 Ng5 16. Nxg5 Qxg5 17. Ne3 c6 18. Qd2 Rd8 19. Rad1 Bd7 20. Nc4 Be6 21. Qxg5 hxg5 22. d5 cxd5 23. exd5 Bg4 24. Rd2 Rac8 25. Ne3 Bd7 26. Be4 Ne7 27. g4 g6 28. f3 Kg7 29. Kg2 f5 30. Bc2 Rc5 31. Bb3 Kf6 32. h3 Be8 33. Rh1 Bf7 34. gxf5 gxf5 35. h4 gxh4 36. Rxh4 Ng6 37. Rh7 Rd7 38. Bc2 Ne7 39. Kf1 Bg6 40. Rh8 Kg7 41. Rh4 Kf6 42. Rh8 Kg7 43. Rh4 Kf6 44. Rh8 1/2-1/2

[Event "Hillerod Vinhuset Stoltz op"]
[Site "Hillerod"]
[Date "2019.09.24"]
[Round "3"]
[White "Sorensen, Esben Lauge"]
[Black "Stald, Flemming"]
[Result "1-0"]
[WhiteElo "1945"]
[BlackElo "1857"]
[PlyCount "131"]
[EventDate "2019.09.24"]
[EventType "swiss"]
[EventRounds "7"]
[EventCountry "DEN"]
[SourceTitle "EXT 2021"]
[Source "ChessBase"]
[SourceDate "2020.10.23"]
[SourceVersion "1"]
[SourceVersionDate "2020.10.23"]
[SourceQuality "1"]

1. d4 Nf6 2. c4 e6 3. Nc3 Bb4 4. e3 c5 5. a3 Bxc3+ 6. bxc3 0-0 7. Bd3 d5 8. Ne2 cxd4 9. cxd4 dxc4 10. Bxc4 b6 11. Qd3 Bb7 12. f3 Nbd7 13. Bb2 Rc8 14. 0-0 Qc7 15. Rac1 Qb8 16. e4 Rfd8 17. Qb3 Nf8 18. a4 Ng6 19. e5 Nd5 20. f4 Nge7 21. Ng3 Qa8 22. Rc2 Nc6 23. Bxd5 Rxd5 24. f5 Nxd4 25. Bxd4 Rxc2 26. Qxc2 Rxd4 27. fxe6 fxe6 28. Qc7 h6 29. Rf7 Rg4 30. Qxb7 Qxb7 31. Rxb7 Rxa4 32. Nh5 Rg4 33. Rxa7 Rg5 34. Nf4 Rxe5 35. Rb7 b5 36. Kf2 h5 37. Kf3 Kh7 38. Re7 b4 39. Rxe6 Rb5 40. Re2 Kh6 41. Rb2 Kg5 42. Ke4 h4 43. Rb3 Rb8 44. Nd3 Re8+ 45. Kf3 Rf8+ 46. Ke2 Re8+ 47. Kf2 Rf8+ 48. Kg1 Rd8 49. Nxb4 Kf4 50. Rf3+ Ke4 51. Kf1 Rb8 52. Nc2 g5 53. Ke2 g4 54. Ra3 Rb2 55. Kd2 Kf5 56. Ra5+ Kg6 57. Rc5 Ra2 58. Kd3 h3 59. g3 Rb2 60. Rc4 Rb3+ 61. Rc3 Rb2 62. Rc6+ Kg5 63. Ke4 Rb1 64. Rc5+ Kg6 65. Ne3 Re1 66. Kf4 1-0

[Event "Hillerod-chB"]
[Site "Hillerod"]
[Date "2019.05.28"]
[Round "6"]
[White "Jacobsen, Hans Endrup"]
[Black "Sorensen, Esben Lauge"]
[Result "1-0"]
[WhiteElo "1905"]
[BlackElo "1986"]
[PlyCount "51"]
[EventDate "2019.04.23"]
[EventType "tourn"]
[EventRounds "7"]
[EventCountry "DEN"]
[SourceTitle "EXT 2020"]
[Source "ChessBase"]
[SourceDate "2019.10.17"]
[SourceVersion "1"]
[SourceVersionDate "2019.10.17"]
[SourceQuality "1"]

1. d4 d5 2. c4 c6 3. Nc3 Nf6 4. Nf3 dxc4 5. a4 Bf5 6. Ne5 Nbd7 7. Nxc4 Qc7 8. g3 e5 9. dxe5 Nxe5 10. Bf4 Nfd7 11. Bg2 g5 12. Ne3 gxf4 13. Nxf5 0-0-0 14. Qc2 Bb4 15. gxf4 Ng6 16. e3 Rhg8 17. Kf1 Kb8 18. Rc1 Bxc3 19. Qxc3 Nxf4 20. exf4 Qxf4 21. Ne7 Rg5 22. Nxc6+ bxc6 23. Qxc6 Rxg2 24. Kxg2 Rg8+ 25. Kf1 Nb6 26. Re1 1-0

[Event "Hillerod Nordea Cup A"]
[Site "Hillerod"]
[Date "2014.04.29"]
[Round "1"]
[White "Pedersen, Martin Rosenkilde"]
[Black "Sorensen, Esben Lauge"]
[Result "1/2-1/2"]
[WhiteElo "2144"]
[BlackElo "1989"]
[PlyCount "59"]
[EventDate "2014.04.29"]
[EventType "tourn"]
[EventRounds "7"]
[EventCountry "DEN"]
[SourceTitle "EXT 2024"]
[Source "ChessBase"]
[SourceDate "2023.10.10"]
[SourceVersion "1"]
[SourceVersionDate "2023.10.10"]
[SourceQuality "1"]

1. e4 c5 2. Nf3 Nc6 3. Bb5 e6 4. Bxc6 dxc6 5. d3 Nf6 6. 0-0 Qc7 7. e5 Nd7 8. Re1 Be7 9. Qe2 h6 10. Nc3 b6 11. a4 a5 12. b3 Ba6 13. Bb2 0-0-0 14. Ne4 Rhg8 15. Qe3 Kb8 16. Rad1 g5 17. Nf6 Rg6 18. Nxd7+ Rxd7 19. Nd2 Ka7 20. Ne4 Qd8 21. Rd2 Bb7 22. Rf1 Qh8 23. Re2 Bd8 24. f4 gxf4 25. Qxf4 Bg5 26. Qf3 Qg7 27. Ba1 c4 28. bxc4 c5 29. Qf2 Bd8 30. Rb1 1/2-1/2

[Event "Hillerod Nordea Cup A"]
[Site "Hillerod"]
[Date "2014.04.29"]
[Round "3"]
[White "Sorensen, Esben Lauge"]
[Black "Petersen, Peter Birk"]
[Result "1/2-1/2"]
[WhiteElo "1989"]
[BlackElo "2126"]
[PlyCount "83"]
[EventDate "2014.04.29"]
[EventType "tourn"]
[EventRounds "7"]
[EventCountry "DEN"]
[SourceTitle "EXT 2024"]
[Source "ChessBase"]
[SourceDate "2023.10.10"]
[SourceVersion "1"]
[SourceVersionDate "2023.10.10"]
[SourceQuality "1"]

1. d4 g6 2. e4 Bg7 3. Nc3 d6 4. Be3 a6 5. Qd2 b5 6. f3 Nd7 7. Nge2 c5 8. Rd1 Bb7 9. h4 h5 10. a4 b4 11. Na2 Ngf6 12. dxc5 dxc5 13. Nf4 Qc7 14. c4 e6 15. Nc1 Rd8 16. Qd6 Qxd6 17. Rxd6 Bf8 18. Rd2 Ne5 19. Nb3 Rxd2 20. Kxd2 Nfd7 21. Na5 Ba8 22. Nd3 Kd8 23. Nxe5 Nxe5 24. Nb3 Nd7 25. Nc1 Kc7 26. Kc2 Be7 27. Nd3 a5 28. Bf4+ Kb6 29. Be2 Nb8 30. Ne5 Nc6 31. Nxc6 Bxc6 32. b3 Rd8 33. g3 Bf6 34. e5 Be7 35. Rd1 Rxd1 36. Bxd1 Kc7 37. Kd3 Kd7 38. Ke3 Ke8 39. Bg5 Bxg5+ 40. hxg5 Ke7 41. Kf4 Ke8 42. g4 1/2-1/2

[Event "Horsholm Tectura Act"]
[Site "Horsholm"]
[Date "2008.05.17"]
[Round "5"]
[White "Gade, Jens"]
[Black "Sorensen, Esben Lauge"]
[Result "0-1"]
[WhiteElo "1492"]
[BlackElo "2177"]
[PlyCount "50"]
[EventDate "2008.05.17"]
[EventType "swiss (rapid)"]
[EventRounds "7"]
[EventCountry "DEN"]
[SourceTitle "CBM 124 Extra"]
[Source "ChessBase"]
[SourceDate "2008.07.03"]
[SourceVersion "1"]
[SourceVersionDate "2008.07.03"]
[SourceQuality "1"]

1. f4 d5 2. Nf3 Nf6 3. e3 g6 4. Be2 Bg7 5. d4 Bg4 6. 0-0 0-0 7. c4 c6 8. c5 a5 9. Nc3 Nbd7 10. Bd2 b6 11. cxb6 Nxb6 12. Ne5 Bxe2 13. Qxe2 Qd6 14. Rac1 Nfd7 15. Nd1 c5 16. dxc5 Nxc5 17. Bc3 Rfc8 18. Bd4 Ne6 19. Rxc8+ Rxc8 20. Nc3 Nxd4 21. exd4 Qb4 22. Rd1 e6 23. a3 Qb3 24. Rd2 Nc4 25. Nxc4 Rxc4 0-1